Villes de France en images - QCM - Statistiques

Statistiques générales
  • Ce quiz a été pris 32 623 fois
    32 607 depuis la dernière actualisation
  • Le résultat moyen est 7 sur 20
Statistiques - réponses
Question Réponse % Correct
Perpignan
53%
Montpellier
48%
Lille
45%
Bordeaux
42%
Strasbourg
41%
Lyon
40%
Angers
39%
Nantes
38%
Rouen
33%
Nice
33%
Toulouse
29%
Dijon
28%
Brest
28%
Orléans
26%
Besançon
25%
Marseille
24%
Clermont-Ferrand
24%
Amiens
21%
Metz
19%
Poitiers
19%
Aucun quiz correspondant
Distribution des résultats
% des personnes avec chaque résultat
Percentile par nombre de réponses
Votre historique - résultats
Vous n’avez pas pris ce quiz depuis la dernière actualisation